000 01257nam a22003977a 4500
001 BR7375660
003 BR-BrBNA
005 20230928084433.0
007 ta
008 230509b bl.||||| |||| 00| 0 por d
040 _aBR-BrBNA
_bpor
_cBiblioteca Nacional de Agricultura
041 _a(Por)
072 _aE70; E10
_b2120
_b0430
_b2150
_b0150
_b0332
_b1850
_b0210
_b1112
_b9600
_b/G514
090 _ 2120 BR7375660
100 1 _aNobre, E. da R.
100 1 _aAraujo, P.F.C. de
100 1 _aPiza, C. de T.
110 1 _aEscola Superior de Agricultura Luiz de Queiroz, Piracicaba, SP (Brasil)
245 1 _aA colonia japonesa na producao e na produtividade da agricultura paulista [Brasil; Cafe; Algodao; Cha; Arroz; Amendoim; Tomate; Batata; Banana; Ovo; Renda bruta; Comercio]
260 3 _aPiracicaba, SP (Brasil):
_c1968.
300 _a14 p.
500 _a(*) Documento disponível no(a) Instituto de Economia Agricola, Sao Paulo, SP (Brazil)
650 _aCAFE
650 _aALGODAO
650 _aCHA
650 _aARROZ
650 _aAMENDOIM
650 _aTOMATE
650 _aBATATA
650 _aBANANA
650 _aOVO
650 _aRENDA
650 _aSAO PAULO
909 _a202309
_bLucia
_c55
_dLucia Elande
942 _cBK
999 _c18948
_d18948